[Event "USA-ch Gr-A"]
[Site "Denver"]
[Date "1998.11.05"]
[Round "6"]
[White "Seirawan, Yasser"]
[Black "De Firmian, Nick E"]
[Result "1/2-1/2"]
[WhiteElo "2630"]
[BlackElo "2605"]
[PlyCount "82"]
[EventDate "1998.10.31"]
[EventType "tourn"]
[EventRounds "7"]
[EventCountry "USA"]
[EventCategory "13"]
[SourceTitle "CBM 068"]
[Source "ChessBase"]
[SourceDate "1999.02.01"]
[SourceVersion "1"]
[SourceVersionDate "1999.02.01"]
[SourceQuality "1"]

1. d4 e6 2. c4 Nf6 3. Nf3 c5 4. e3 d5 5. Nc3 Nc6 6. cxd5 exd5 7. Be2 cxd4 8. Nxd4 Bd6 9. O-O O-O 10. Ncb5 Bb8 11. b3 a6 12. Nxc6 bxc6 13. Nd4 ({RR} 13. Nc3 Qd6 14. g3 Bh3 15. Re1 Re8 16. Bb2 Ba7 17. Bf3 Rad8 18. Rc1 h5 19. Na4 Ne4 20. Bg2 Bxg2 21. Kxg2 Qh6 22. Rc2 Qg6 23. Bd4 Bxd4 24. exd4 h4 25. Rce2 Re6 26. f3 Nxg3 27. Rxe6 fxe6 {Keene,R (2490)-Ftacnik,L (2560) Aarhus 1983 ½-½}) ({RR} 13. Nc3 Qd6 14. g3 Bh3 15. Re1 Re8 16. Bb2 Ba7 17. Bf3 Rad8 18. Rc1 h5 19. Na4 Ne4 20. Bg2 Bxg2 21. Kxg2 Qh6 22. Rc2 Qg6 23. Bd4 Bxd4 24. exd4 h4 25. Rce2 Re6 26. f3 Nxg3 27. Rxe6 fxe6 {Keene,R (2490)-Ftacnik,L (2560) Aarhus 1983 ½-½}) 13... Qd6 14. Nf3 Bg4 ({RR} 14... c5 15. Bb2 Ng4 16. g3 Bb7 17. Nh4 Nh6 18. Rc1 Qe7 19. Bf3 Rd8 20. Qc2 Ba7 21. Ng2 d4 22. Bxb7 Qxb7 23. Rfd1 Ng4 24. Qf5 Nf6 25. Rc4 Rac8 26. h3 h6 27. Kh2 Qe4 28. Nh4 Qe8 29. exd4 {Mustafayev,F (2287)-Garayev,K (2344) Guba AZE 2023 1-0 (63)}) ({RR} 14... c5 15. Bb2 Ng4 16. g3 Bb7 17. Nh4 Nh6 18. Rc1 Qe7 19. Bf3 Rd8 20. Qc2 Ba7 21. Ng2 d4 22. Bxb7 Qxb7 23. Rfd1 Ng4 24. Qf5 Nf6 25. Rc4 Rac8 26. h3 h6 27. Kh2 Qe4 28. Nh4 Qe8 29. exd4 {Mustafayev,F (2287)-Garayev,K (2344) Guba AZE 2023 1-0 (63)}) 15. g3 Re8 $146 ({RR} 15... Ne4 16. Bb2 Re8 17. Nd2 Bh3 18. Nxe4 Rxe4 19. Bf3 Rh4 20. Bg2 Bc7 21. Bxh3 Rxh3 22. Qg4 Qh6 23. Bxg7 Qh5 24. Qxh5 Rxh5 25. Bd4 Re8 26. Rac1 Re6 27. Rc2 f5 28. Rfc1 Rhh6 29. b4 Bd8 30. Rc3 {Palacios Perez,M (2147)-Durban Piera,J (2197) Oviedo 2000 1-0 (122)}) ({RR} 15... Ne4 16. Bb2 Re8 17. Nd2 Bh3 18. Nxe4 Rxe4 19. Bf3 Rh4 20. Bg2 Bc7 21. Bxh3 Rxh3 22. Qg4 Qh6 23. Bxg7 Qh5 24. Qxh5 Rxh5 25. Bd4 Re8 26. Rac1 Re6 27. Rc2 f5 28. Rfc1 Rhh6 29. b4 Bd8 30. Rc3 {Palacios Perez,M (2147)-Durban Piera,J (2197) Oviedo 2000 1-0 (122)}) 16. Bb2 Ba7 17. Nh4 Bh3 18. Ng2 a5 19. Rc1 Rab8 20. Qc2 Bd7 21. Bd3 Ne4 22. Bxe4 Rxe4 23. Qc3 f6 24. Qxa5 Bb6 25. Qc3 h5 26. Rfd1 Rbe8 27. Qc2 h4 28. Bd4 Bc7 29. f3 Rxd4 30. Rxd4 hxg3 31. Rh4 gxh2+ 32. Kh1 Qg3 33. Qh7+ Kf8 34. Rf1 Bd6 35. b4 Rb8 36. a3 c5 37. Qc2 cxb4 38. Rh8+ Kf7 39. Rxb8 Bxb8 40. axb4 Bb5 41. Rf2 Bd6 1/2-1/2

[Event "Foxwoods op 02nd"]
[Site "Connecticut"]
[Date "2000.04.23"]
[Round "6"]
[White "Yermolinsky, Alex"]
[Black "Annakov, Babakuli"]
[Result "1/2-1/2"]
[WhiteElo "2601"]
[BlackElo "2600"]
[PlyCount "63"]
[EventDate "2000.04.20"]
[EventType "swiss"]
[EventRounds "7"]
[EventCountry "USA"]
[SourceTitle "EXT 2001"]
[Source "ChessBase"]
[SourceDate "2000.11.22"]
[SourceVersion "1"]
[SourceVersionDate "2000.11.22"]
[SourceQuality "1"]

1. d4 d5 2. c4 e6 3. Nf3 c5 4. cxd5 exd5 5. g3 Nc6 6. Bg2 Nf6 7. O-O Be7 8. Nc3 O-O 9. dxc5 Bxc5 10. Na4 Bb6 11. Bg5 ({RR} 11. b3 Re8 12. Bb2 Ne4 13. Nxb6 axb6 14. Nd4 Qf6 15. a3 Qe7 16. Rc1 Bd7 17. Nb5 Be6 18. b4 h5 19. e3 h4 20. Qh5 h3 21. Bxh3 Bxh3 22. Qxh3 Nd2 23. Qg4 Ne5 24. Bxe5 Qxe5 25. Rfd1 Ne4 {Vidit,S (2723)-Mamedov,R (2633) chess.com INT 2023 1-0 (34)}) ({RR} 11. Nxb6 Qxb6 12. b3 d4 13. Bb2 Rd8 14. Rc1 Bg4 15. Qd2 Rd7 16. Rfd1 Rad8 17. Qf4 h6 18. h3 Be6 19. Ne5 Nxe5 20. Qxe5 Nh7 21. Qc5 Qxc5 22. Rxc5 b6 23. Rcc1 Nf6 24. Rd2 d3 25. e3 Nh7 {Deac,B (2652)-Rasulov,V (2525) chess.com INT 2026 1-0 (75)}) ({RR} 11. b3 Re8 12. Bb2 Ne4 13. Nxb6 axb6 14. Nd4 Qf6 15. a3 Qe7 16. Rc1 Bd7 17. Nb5 Be6 18. b4 h5 19. e3 h4 20. Qh5 h3 21. Bxh3 Bxh3 22. Qxh3 Nd2 23. Qg4 Ne5 24. Bxe5 Qxe5 25. Rfd1 Ne4 {Vidit,S (2723)-Mamedov,R (2633) chess.com INT 2023 1-0 (34)}) ({RR} 11. Nxb6 Qxb6 12. b3 d4 13. Bb2 Rd8 14. Rc1 Bg4 15. Qd2 Rd7 16. Rfd1 Rad8 17. Qf4 h6 18. h3 Be6 19. Ne5 Nxe5 20. Qxe5 Nh7 21. Qc5 Qxc5 22. Rxc5 b6 23. Rcc1 Nf6 24. Rd2 d3 25. e3 Nh7 {Deac,B (2652)-Rasulov,V (2525) chess.com INT 2026 1-0 (75)}) 11... d4 12. Nxb6 axb6 13. e3 dxe3 $146 ({RR} 13... h6 14. Bxf6 Qxf6 15. Nxd4 Rd8 16. Qf3 Nxd4 17. exd4 Qxf3 18. Bxf3 Rxd4 19. Rfd1 Raa4 20. b3 Rab4 21. a3 Rxd1+ 22. Rxd1 Rxb3 23. Rd8+ Kh7 24. Be4+ f5 25. Bc2 {1-0 (25) Almagro Llamas,P (2467)-Roa Alonso,S (2401) San Sebastian 2013}) ({RR} 13... h6 14. Bxf6 Qxf6 15. Nxd4 Rd8 16. Qf3 Nxd4 17. exd4 Qxf3 18. Bxf3 Rxd4 19. Rfd1 Raa4 20. b3 Rab4 21. a3 Rxd1+ 22. Rxd1 Rxb3 23. Rd8+ Kh7 24. Be4+ f5 25. Bc2 {1-0 (25) Almagro Llamas,P (2467)-Roa Alonso,S (2401) San Sebastian 2013}) 14. Bxe3 Nd5 15. Bg5 f6 16. Bd2 Be6 17. Qe2 Re8 18. Qb5 Bf7 19. a3 Qc7 20. Rfe1 Red8 21. Rac1 Qd7 22. Be3 Ra5 23. Qd3 Qc7 24. Qc2 Nxe3 25. Rxe3 Rad5 26. Rce1 Qd7 27. h4 Rd1 28. Rxd1 Qxd1+ 29. Qxd1 Rxd1+ 30. Re1 Rd3 31. Re3 Rd1+ 32. Re1 1/2-1/2

[Event "Pamplona 9293 3rd"]
[Site "Pamplona"]
[Date "1992.??.??"]
[Round "2"]
[White "Kramnik, Vladimir"]
[Black "Illescas Cordoba, Miguel"]
[Result "1/2-1/2"]
[WhiteElo "2625"]
[BlackElo "2600"]
[PlyCount "43"]
[EventDate "1992.12.??"]
[EventType "tourn"]
[EventRounds "9"]
[EventCountry "ESP"]
[EventCategory "13"]
[SourceTitle "CBM 033"]
[Source "ChessBase"]
[SourceDate "1993.04.01"]
[SourceVersion "1"]
[SourceVersionDate "1993.04.01"]
[SourceQuality "1"]

1. d4 d5 2. Nf3 c5 3. c4 e6 4. cxd5 exd5 5. Nc3 Nc6 6. g3 Nf6 7. Bg2 Be7 8. O-O O-O 9. Bg5 cxd4 10. Nxd4 h6 11. Be3 Re8 12. Rc1 Bf8 13. Nxc6 bxc6 14. Na4 Bd7 15. Bc5 Bxc5 16. Nxc5 Bg4 17. Re1 Qa5 18. h3 Bf5 19. Qa4 Qd2 20. Qf4 Qxf4 21. gxf4 Rab8 22. b3 $146 ({RR} 22. Nb3 Rb6 23. Nd4 Bd7 24. b3 Kf8 25. e3 g5 26. fxg5 hxg5 27. a4 Rc8 28. Rc5 Ke7 29. Rec1 Kd6 30. f3 Ng8 31. a5 Rbb8 32. R1c3 Ne7 33. Kf2 Rh8 34. Kg3 Rb4 35. Bf1 f5 36. f4 gxf4+ {Granara Barreto,S (2200)-Barrionuevo,P (2327) Villa Martelli 2009 0-1 (55)}) ({RR} 22. Nb3 Rb6 23. Nd4 Bd7 24. b3 Kf8 25. e3 g5 26. fxg5 hxg5 27. a4 Rc8 28. Rc5 Ke7 29. Rec1 Kd6 30. f3 Ng8 31. a5 Rbb8 32. R1c3 Ne7 33. Kf2 Rh8 34. Kg3 Rb4 35. Bf1 f5 36. f4 gxf4+ {Granara Barreto,S (2200)-Barrionuevo,P (2327) Villa Martelli 2009 0-1 (55)}) 1/2-1/2

[Event "Match TimmanPolugaevsky +2-1=5"]
[Site "Breda"]
[Date "1979.??.??"]
[Round "8"]
[White "Polugaevsky, Lev"]
[Black "Timman, Jan H"]
[Result "1-0"]
[WhiteElo "2625"]
[BlackElo "2625"]
[PlyCount "95"]
[EventDate "1979.08.??"]
[EventType "match"]
[EventRounds "8"]
[EventCountry "NED"]
[SourceTitle "MCD"]
[Source "ChessBase"]
[SourceDate "1999.07.01"]
[SourceVersion "1"]
[SourceVersionDate "1999.07.01"]
[SourceQuality "1"]

1. c4 {Kasparov,Garry Kasparov,Garry} e6 2. g3 Nf6 3. Bg2 d5 4. d4 Be7 5. Nf3 O-O 6. O-O c5 7. cxd5 exd5 8. Nc3 Nc6 9. Bg5 cxd4 10. Nxd4 h6 11. Be3 Re8 12. Qa4 Bd7 13. Rad1 Nb4 14. Qb3 a5 15. a4 ({RR} 15. Rd2 a4 16. Qd1 a3 17. Qb1 Bf8 18. bxa3 Rxa3 19. Qb2 Qa8 20. Nb3 ({RR} 20. Ndb5 Bxb5 21. Nxb5 Rxa2 22. Qb3) ({RR} 20. Ndb5 Bxb5 21. Nxb5 Rxa2 22. Qb3) 20... Bc6 21. Bd4 Ne4 22. Nxe4 dxe4 23. Ra1 ({RR} 23. Nc5 e3 ({RR} 23... Nxa2 24. Ra1 Qa5 25. Nxe4 ({RR} 25. Rxa2 Bxc5) ({RR} 25. Rxa2 Bxc5) 25... Bxe4 26. Rxa2 Bxg2 27. Kxg2 Qd5+ 28. Kg1 Rb3) ({RR} 23... Nxa2 24. Ra1 Qa5 25. Nxe4 Bxe4 26. Rxa2 Bxg2 27. Kxg2 Qd5+ 28. Kg1 Rb3) 24. Bxc6 exf2+ 25. Bxf2 Nxc6) ({RR} 23. Nc5 e3 24. Bxc6 exf2+ 25. Bxf2 Nxc6) 23... Bd5 24. Qb1 b6 25. e3 Nd3 26. Rd1 ({RR} 26. Nc1 Ne1) ({RR} 26. Bxb6 Bb4 27. Rc2 Bxb3) ({RR} 26. Nc1 Ne1) ({RR} 26. Bxb6 Bb4 27. Rc2 Bxb3) 26... b5 27. Bf1 ({RR} 27. Nc1 Nxc1 28. Rxc1 b4 29. Rc2 Qa4) ({RR} 27. Nc1 Nxc1 28. Rxc1 b4 29. Rc2 Qa4) 27... b4 28. Bxd3 exd3 29. Qxd3 Rxa2 {Beliavsky,A (2570)-Kasparov,G (2690) Moscow 1983 Candidates [Kasparov,Garry] 0-1 (38)}) ({RR} 15. Nxd5 Nfxd5 16. Bxd5 Nxd5 17. Qxd5 Bh3 18. Qxd8 Rexd8 19. Rfe1 Bb4 20. Nb3 Bxe1 21. Rxe1 Be6 22. Nc5 Bxa2 23. Nxb7 Rdb8 24. Ra1 Bd5 {0-1 (24) Huss,R (2132)-Jakel,W (2204) Hessen 2015}) ({RR} 15. Rd2 a4 16. Qd1 a3 17. Qb1 Bf8 18. bxa3 Rxa3 19. Qb2 Qa8 20. Nb3 Bc6 21. Bd4 Ne4 22. Nxe4 dxe4 23. Ra1 Bd5 24. Qb1 b6 25. e3 Nd3 26. Rd1 b5 27. Bf1 b4 28. Bxd3 exd3 29. Qxd3 Rxa2 {Beliavsky,A (2570)-Kasparov,G (2690) Moscow 1983 Candidates [Kasparov,Garry] 0-1 (38)}) ({RR} 15. Nxd5 Nfxd5 16. Bxd5 Nxd5 17. Qxd5 Bh3 18. Qxd8 Rexd8 19. Rfe1 Bb4 20. Nb3 Bxe1 21. Rxe1 Be6 22. Nc5 Bxa2 23. Nxb7 Rdb8 24. Ra1 Bd5 {0-1 (24) Huss,R (2132)-Jakel,W (2204) Hessen 2015}) 15... Bg4 16. Nc2 Qc7 $146 ({RR} 16... Be6 17. Nxb4 axb4 18. Nxd5 Qa5 19. Qc4 Nxd5 20. Bxd5 Bxd5 21. Rxd5 Qxa4 22. Rf5 Rf8 23. Qe4 Qd7 24. Rd5 Qc6 25. Rc1 Qa6 26. Qxe7 Qxe2 27. Qxb4 Rfe8 28. Qd2 Qf3 29. Qd1 {1-0 (29) Jobava,B (2570)-Saralegui Cassan,M (2159) Bled 2002}) ({RR} 16... Be6 17. Nxb4 axb4 18. Nxd5 Qa5 19. Qc4 Nxd5 20. Bxd5 Bxd5 21. Rxd5 Qxa4 22. Rf5 Rf8 23. Qe4 Qd7 24. Rd5 Qc6 25. Rc1 Qa6 26. Qxe7 Qxe2 27. Qxb4 Rfe8 28. Qd2 Qf3 29. Qd1 {1-0 (29) Jobava,B (2570)-Saralegui Cassan,M (2159) Bled 2002}) 17. Rc1 Nxc2 18. Rxc2 Rac8 19. Rfc1 Qc4 20. Qxc4 Rxc4 21. Nxd5 Rxa4 22. Nxe7+ Rxe7 23. b3 Rxe3 24. bxa4 Rb3 25. e4 Be6 26. f4 g6 27. f5 gxf5 28. exf5 Bd7 29. Rc7 b6 30. Bf1 Rb4 31. R1c4 Rb1 32. Rb7 h5 33. h3 Kg7 34. g4 hxg4 35. hxg4 Kh6 36. Kf2 Rb2+ 37. Be2 Kg5 38. Rd4 Be8 39. Ke3 Rb3+ 40. Kf2 Rb2 41. Ke1 Rb1+ 42. Bd1 Rb2 43. Re7 b5 44. axb5 Rxb5 45. Rd8 Bc6 46. Rxf7 Re5+ 47. Kd2 a4 48. Rxf6 1-0

[Event "Interpolis-05"]
[Site "Tilburg"]
[Date "1981.10.07"]
[Round "6"]
[White "Timman, Jan H"]
[Black "Ljubojevic, Ljubomir"]
[Result "1/2-1/2"]
[WhiteElo "2620"]
[BlackElo "2605"]
[PlyCount "60"]
[EventDate "1981.10.01"]
[EventType "tourn"]
[EventRounds "11"]
[EventCountry "NED"]
[EventCategory "15"]
[SourceTitle "MCD"]
[Source "ChessBase"]
[SourceDate "1999.07.01"]
[SourceVersion "1"]
[SourceVersionDate "1999.07.01"]
[SourceQuality "1"]

1. Nf3 c5 2. c4 Nf6 3. Nc3 e6 4. e3 Nc6 5. d4 d5 6. cxd5 exd5 7. Bb5 Bd6 8. dxc5 Bxc5 9. O-O O-O 10. b3 Qd6 ({RR} 10... Bd6 11. Bb2 Bg4 12. Be2 a6 13. Nd4 Bd7 14. Bf3 Be6 15. Nxc6 bxc6 16. Rc1 Rc8 17. Na4 c5 18. Qe2 c4 19. g3 Qa5 20. Bc3 Qb5 21. Bxf6 gxf6 22. Nc3 Qa5 23. bxc4 dxc4 24. Rfd1 Ba3 25. Rc2 {Kramnik,V (2803)-Polgar,J (2696) Geneve 2013 1-0 (57)}) ({RR} 10... Bd6 11. Bb2 Bg4 12. Be2 a6 13. Nd4 Bd7 14. Bf3 Be6 15. Nxc6 bxc6 16. Rc1 Rc8 17. Na4 c5 18. Qe2 c4 19. g3 Qa5 20. Bc3 Qb5 21. Bxf6 gxf6 22. Nc3 Qa5 23. bxc4 dxc4 24. Rfd1 Ba3 25. Rc2 {Kramnik,V (2803)-Polgar,J (2696) Geneve 2013 1-0 (57)}) 11. Na4 ({RR} 11. Bb2 Rd8 12. Na4 Bb6 13. a3 Ba5 14. b4 Bb6 15. Rc1 Bg4 16. Nxb6 axb6 17. h3 Bh5 18. Be2 Ne4 19. Qd3 Bg6 20. Qb3 f6 21. Rfd1 Bf7 22. Nd4 Rac8 23. Nb5 Qe6 24. Nd4 Qe8 25. Bg4 Rb8 {Medvegy,Z (2518)-Beyer,C (2190) Germany GER 2026 1-0 (49)}) ({RR} 11. Bb2 Rd8 12. Na4 Bb6 13. a3 Ba5 14. b4 Bb6 15. Rc1 Bg4 16. Nxb6 axb6 17. h3 Bh5 18. Be2 Ne4 19. Qd3 Bg6 20. Qb3 f6 21. Rfd1 Bf7 22. Nd4 Rac8 23. Nb5 Qe6 24. Nd4 Qe8 25. Bg4 Rb8 {Medvegy,Z (2518)-Beyer,C (2190) Germany GER 2026 1-0 (49)}) 11... Bb4 12. Bb2 $146 Ne4 ({RR} 12... Rd8 13. a3 Ba5 14. b4 Bb6 15. h3 Bd7 16. Rc1 Qe7 17. Nc5 Bxc5 18. Rxc5 a5 19. Bxc6 Bxc6 20. Rxa5 Rxa5 21. bxa5 Bb5 22. Re1 Ne4 23. Nd4 Bd7 24. Nf3 Qc5 25. Qd4 Qxd4 26. Bxd4 Bb5 27. Rc1 {Santos Latasa,J (2565)-Saeed,I (2312) Sharjah 2017 1-0 (52)}) ({RR} 12... Rd8 13. a3 Ba5 14. b4 Bb6 15. h3 Bd7 16. Rc1 Qe7 17. Nc5 Bxc5 18. Rxc5 a5 19. Bxc6 Bxc6 20. Rxa5 Rxa5 21. bxa5 Bb5 22. Re1 Ne4 23. Nd4 Bd7 24. Nf3 Qc5 25. Qd4 Qxd4 26. Bxd4 Bb5 27. Rc1 {Santos Latasa,J (2565)-Saeed,I (2312) Sharjah 2017 1-0 (52)}) 13. a3 Ba5 14. b4 Bc7 15. Bxc6 bxc6 16. Be5 Qe7 17. Bxc7 Qxc7 18. Qd4 Re8 19. Rfc1 Qd6 20. Nc5 Qg6 21. Nd3 Qd6 22. Nfe5 Bb7 23. Rab1 Re7 24. Nf3 Ba6 25. Nc5 Bc4 26. Nxe4 Rxe4 27. Qc5 Qxc5 28. bxc5 Bd3 29. Rb3 Rc4 30. Rbc3 Rb8 1/2-1/2

[Event "Interpolis-07"]
[Site "Tilburg"]
[Date "1983.10.13"]
[Round "2"]
[White "Karpov, Anatoly"]
[Black "Polugaevsky, Lev"]
[Result "1-0"]
[WhiteElo "2710"]
[BlackElo "2625"]
[PlyCount "113"]
[EventDate "1983.10.12"]
[EventType "tourn"]
[EventRounds "11"]
[EventCountry "NED"]
[EventCategory "15"]
[SourceTitle "MCD"]
[Source "ChessBase"]
[SourceDate "1999.07.01"]
[SourceVersion "1"]
[SourceVersionDate "1999.07.01"]
[SourceQuality "1"]

1. Nf3 Nf6 2. c4 c5 3. Nc3 Nc6 4. e3 e6 5. d4 d5 6. cxd5 exd5 7. Be2 cxd4 8. Nxd4 Bd6 9. O-O O-O 10. Bf3 Be5 11. Qd3 Nb4 12. Qd2 Bxd4 13. exd4 Bf5 14. Bd1 Re8 $146 ({RR} 14... Bg6 15. Bb3 {½-½ (15) Tal,M (2565)-Sokolov,A (2555) Montpellier 1985}) ({RR} 14... Bg6 15. Bb3 {½-½ (15) Tal,M (2565)-Sokolov,A (2555) Montpellier 1985}) 15. Na4 Nc6 16. f3 Qa5 17. Qxa5 Nxa5 18. Kf2 Nc6 19. Be3 Nb4 20. Bg5 Nd7 21. g4 Bg6 22. Bb3 Bc2 23. Bxc2 Nxc2 24. Rad1 f6 25. Bf4 Nf8 26. Rd2 Ne6 27. Bg3 Ncxd4 28. Rfd1 Nc6 29. Rxd5 Rad8 30. Rxd8 Rxd8 31. Rxd8+ Ncxd8 32. Ke3 Kf7 33. f4 g6 34. f5 gxf5 35. gxf5 Ng7 36. Ke4 Nc6 37. Bd6 Ne7 38. Nc5 b6 39. Na6 Ngxf5 40. Bb8 Ke6 41. Bxa7 Nd6+ 42. Kd3 Nd5 43. a4 f5 44. b4 f4 45. a5 bxa5 46. bxa5 Kd7 47. Nc5+ Kc6 48. Nb3 Nb4+ 49. Ke2 Kb5 50. Kf3 Nc6 51. Bb6 Nc4 52. Bc7 N4xa5 53. Nxa5 Nxa5 54. Bxa5 Kxa5 55. Kxf4 Kb5 56. Kg5 Kc5 57. Kh6 1-0

[Event "URS-chT Cup 07th final A"]
[Site "Rostov on Don"]
[Date "1971.08.??"]
[Round "3"]
[White "Taimanov, Mark E"]
[Black "Spassky, Boris Vasilievich"]
[Result "0-1"]
[WhiteElo "2600"]
[BlackElo "2690"]
[PlyCount "79"]
[EventDate "1971.08.06"]
[EventType "team-tourn"]
[EventRounds "5"]
[EventCountry "URS"]
[SourceTitle "EXT 2020"]
[Source "ChessBase"]
[SourceDate "2019.10.17"]
[SourceVersion "1"]
[SourceVersionDate "2019.10.17"]
[SourceQuality "1"]
[WhiteTeam "Burevestnik"]
[BlackTeam "Lokomotiv"]
[WhiteTeamCountry "URS"]
[BlackTeamCountry "URS"]

1. d4 d5 2. c4 e6 3. Nc3 c5 4. cxd5 exd5 5. Nf3 Nc6 6. g3 Nf6 7. Bg2 Be7 8. O-O O-O 9. Be3 c4 10. Ne5 Be6 11. Nxc4 dxc4 12. d5 Nxd5 13. Nxd5 Rc8 ({RR} 13... Bf6 14. Qd2 Bd4 15. Nf4 Bxe3 16. Qxe3 Re8 17. Rfd1 Qf6 18. Bxc6 bxc6 19. Qd4 Qxd4 20. Rxd4 Bd5 21. Rad1 c3 22. Nxd5 cxd5 23. bxc3 Rxe2 24. Rxd5 g6 25. R5d2 Rxd2 26. Rxd2 Rc8 27. Rc2 Rc4 28. Kf1 {Kortschnoj,V (2601)-Carlsen,M (2581) Drammen 2004 1-0 (40)}) ({RR} 13... Bxd5 14. Qxd5 Qxd5 15. Bxd5 Bf6 16. Bxc4 Bxb2 17. Rab1 Bd4 18. Bxd4 Nxd4 19. Rxb7 Rac8 20. Bd3 a5 21. Ra7 Rc5 22. Rb1 g6 23. Kg2 Re8 24. e3 Rc3 25. Rd1 Nc6 26. Rc7 Rd8 27. Be2 Rxd1 28. Bxd1 {Kushko,D (2444)-Olhovik,A (2275) chess.com INT 2026 1-0 (48)}) ({RR} 13... Bf6 14. Qd2 Bd4 15. Nf4 Bxe3 16. Qxe3 Re8 17. Rfd1 Qf6 18. Bxc6 bxc6 19. Qd4 Qxd4 20. Rxd4 Bd5 21. Rad1 c3 22. Nxd5 cxd5 23. bxc3 Rxe2 24. Rxd5 g6 25. R5d2 Rxd2 26. Rxd2 Rc8 27. Rc2 Rc4 28. Kf1 {Kortschnoj,V (2601)-Carlsen,M (2581) Drammen 2004 1-0 (40)}) ({RR} 13... Bxd5 14. Qxd5 Qxd5 15. Bxd5 Bf6 16. Bxc4 Bxb2 17. Rab1 Bd4 18. Bxd4 Nxd4 19. Rxb7 Rac8 20. Bd3 a5 21. Ra7 Rc5 22. Rb1 g6 23. Kg2 Re8 24. e3 Rc3 25. Rd1 Nc6 26. Rc7 Rd8 27. Be2 Rxd1 28. Bxd1 {Kushko,D (2444)-Olhovik,A (2275) chess.com INT 2026 1-0 (48)}) 14. Rb1 $146 ({RR} 14. Nf4 Bf5 15. Qa4 Bf6 16. Rad1 Qe8 17. Qb5 Be4 18. Bh3 Ne5 19. Bxc8 Qxb5 {0-1 (19) Jankovec,I (2197)-Dvorakova,M (2032) Czech Republic 2007}) ({RR} 14. Nxe7+ Qxe7 15. Qa4 Qf6 16. Qb5 Nd4 17. Bxd4 Qxd4 18. Rfd1 Qc5 19. Qxc5 Rxc5 20. a4 {½-½ (20) Levenfish,G-Koblencs,A Leningrad 1949}) ({RR} 14. Nf4 Bf5 15. Qa4 Bf6 16. Rad1 Qe8 17. Qb5 Be4 18. Bh3 Ne5 19. Bxc8 Qxb5 {0-1 (19) Jankovec,I (2197)-Dvorakova,M (2032) Czech Republic 2007}) ({RR} 14. Nxe7+ Qxe7 15. Qa4 Qf6 16. Qb5 Nd4 17. Bxd4 Qxd4 18. Rfd1 Qc5 19. Qxc5 Rxc5 20. a4 {½-½ (20) Levenfish,G-Koblencs,A Leningrad 1949}) 14... b5 15. a4 Bxd5 16. Bxd5 a6 17. axb5 axb5 18. b3 Ba3 19. Ra1 Bb2 20. Ra6 Nb4 21. Rd6 Qe7 22. bxc4 bxc4 23. Bf3 c3 24. Rd7 Qe6 25. Qa4 Nc6 26. Rb7 Ne5 27. Be4 Nc4 28. Qc2 Nxe3 29. fxe3 h6 30. Rf3 Rcd8 31. Bd3 Rxd3 32. exd3 Qd5 33. Rxb2 cxb2 34. Rf1 Qe5 35. e4 Ra8 36. Qb3 Ra1 37. Kg2 Rc1 38. Qxf7+ Kh7 39. Rf5 Qd6 40. e5 0-1

[Event "Candidates sf Spassky-Portisch +4-2=9"]
[Site "Geneve"]
[Date "1977.07.??"]
[Round "2"]
[White "Portisch, Lajos"]
[Black "Spassky, Boris Vasilievich"]
[Result "1/2-1/2"]
[WhiteElo "2625"]
[BlackElo "2610"]
[PlyCount "39"]
[EventDate "1977.07.03"]
[EventType "match"]
[EventRounds "15"]
[EventCountry "SUI"]
[SourceTitle "Candidates"]
[Source "ChessBase"]
[SourceDate "1999.07.01"]
[SourceVersion "2"]
[SourceVersionDate "1999.07.01"]
[SourceQuality "1"]

1. d4 {Bulletin Bulletin} d5 2. c4 e6 3. Nc3 c5 4. cxd5 exd5 5. Nf3 Nc6 6. g3 Nf6 7. Bg2 Be7 8. O-O O-O 9. Bg5 c4 10. Ne5 Be6 11. Nxc6 ({RR} 11. f4) ({RR} 11. f4) 11... bxc6 12. b3 Qa5 13. Na4 Rfd8 14. Qc2 ({RR} 14. Bxf6 Bxf6 15. Nc5 Rab8 16. e3 c3 17. Qc2 Be7 18. Nxe6 fxe6 19. Bh3 c5 20. Bxe6+ Kh8 21. Rac1 cxd4 22. exd4 Qb6 23. Rfe1 Bf6 24. Bf5 Bxd4 25. Re6 Qc5 26. Bxh7 Rf8 27. Re2 Rf3 28. Bg6 Rbf8 {Anikonov,D (2382)-Shkurkin,A (2201) St Petersburg 2018 1-0 (36)}) ({RR} 14. Bxf6 Bxf6 15. Nc5 Rab8 16. e3 c3 17. Qc2 Be7 18. Nxe6 fxe6 19. Bh3 c5 20. Bxe6+ Kh8 21. Rac1 cxd4 22. exd4 Qb6 23. Rfe1 Bf6 24. Bf5 Bxd4 25. Re6 Qc5 26. Bxh7 Rf8 27. Re2 Rf3 28. Bg6 Rbf8 {Anikonov,D (2382)-Shkurkin,A (2201) St Petersburg 2018 1-0 (36)}) 14... Rac8 15. Bxf6 $146 ({RR} 15. Rfd1 c5 16. Bd2 cxb3 ({RR} 16... Qb5) ({RR} 16... Qb5) 17. axb3 Qb5 18. Nxc5 Bxc5 19. dxc5 Qxe2 ({RR} 19... Rxc5) ({RR} 19... Rxc5) 20. Re1 Qh5 21. Rxa7 Ng4 22. h3 Nf6 23. g4 Qh4 24. Re5 h6 25. Rxe6 fxe6 26. Qg6 Ne8 27. Bc3 Qg5 28. Qxe6+ Kh8 29. Be5 Nf6 {Tukmakov,V-Mueller,K Leipzig 1975 MCL [Bulletin] 1-0 (31)}) ({RR} 15. Rfd1 c5 16. Nxc5 Bxc5 17. dxc5 Qxc5 18. bxc4 dxc4 19. Be3 Qa3 20. Bb7 Rxd1+ 21. Rxd1 Re8 22. Bd4 h6 23. Bf3 Rd8 24. e3 c3 25. Qxc3 Qxc3 26. Bxc3 Rxd1+ 27. Bxd1 Bxa2 28. Bd4 a6 29. f3 Bc4 {Gligoric,S (2560)-Marjanovic,S (2505) Bled/Portoroz 1979 ½-½ (47)}) ({RR} 15. Rfd1 c5 16. Bd2 cxb3 17. axb3 Qb5 18. Nxc5 Bxc5 19. dxc5 Qxe2 20. Re1 Qh5 21. Rxa7 Ng4 22. h3 Nf6 23. g4 Qh4 24. Re5 h6 25. Rxe6 fxe6 26. Qg6 Ne8 27. Bc3 Qg5 28. Qxe6+ Kh8 29. Be5 Nf6 {Tukmakov,V-Mueller,K Leipzig 1975 MCL [Bulletin] 1-0 (31)}) ({RR} 15. Rfd1 c5 16. Nxc5 Bxc5 17. dxc5 Qxc5 18. bxc4 dxc4 19. Be3 Qa3 20. Bb7 Rxd1+ 21. Rxd1 Re8 22. Bd4 h6 23. Bf3 Rd8 24. e3 c3 25. Qxc3 Qxc3 26. Bxc3 Rxd1+ 27. Bxd1 Bxa2 28. Bd4 a6 29. f3 Bc4 {Gligoric,S (2560)-Marjanovic,S (2505) Bled/Portoroz 1979 ½-½ (47)}) 15... Bxf6 16. Nc5 Bxd4 17. Nb7 Qb6 18. Nxd8 Rxd8 19. bxc4 Bxa1 20. cxd5 1/2-1/2